| 000 | 00670nam a2200205 a 4500 | ||
|---|---|---|---|
| 005 | 20240910064250.0 | ||
| 008 | 991125s1970 mx 000 0 spa u | ||
| 035 | _aUPN01000004135 | ||
| 049 | _aF | ||
| 050 | 4 |
_aLB7 _bN8.68 no.16 |
|
| 100 | 1 |
_aStout, Irving Wright, _d1902-1972 _934510 |
|
| 245 | 1 | 3 |
_aEl aprendizaje y las relaciones entre padres y maestros / _cIrving W. Stout y Grace Langdon ; tr. Rodolfo E. Schwarz. |
| 260 |
_aMéxico : _bCentro Regional de Ayuda Técnica, AID, _cc1970. |
||
| 300 | _a41 p. | ||
| 440 | 0 |
_aNueva pedagogía ; _v16 |
|
| 650 | 4 |
_aAprendizaje _92861 |
|
| 650 | 4 | _aHOGAR Y ESCUELA | |
| 700 | 1 |
_aLangdon, Grace, _ecoaut. |
|
| 905 | _aLibro | ||
| 999 |
_c4135 _d4135 |
||